[Event "Olympiad-38"]
[Site "Dresden"]
[Date "2008.11.25"]
[Round "11"]
[White "Lopez, Juste Junot"]
[Black "Ssegirinya, Joseph Mary M"]
[Result "1-0"]
[WhiteElo "1948"]
[BlackElo "2013"]
[PlyCount "76"]
[EventDate "2008.11.13"]
[EventType "team-swiss"]
[EventRounds "11"]
[EventCountry "GER"]
[SourceTitle "CBM 128"]
[Source "ChessBase"]
[SourceDate "2009.01.28"]
[SourceVersion "1"]
[SourceVersionDate "2009.01.28"]
[SourceQuality "1"]
[WhiteTeam "Aruba"]
[BlackTeam "Macau"]
[WhiteTeamCountry "ARN"]
[BlackTeamCountry "MAC"]

1. e4 c5 2. Nf3 e6 3. d4 cxd4 4. Nxd4 Qc7 5. c4 a6 6. Nc3 Bb4 7. Bd2 Nf6 8. Bd3 Bc5 9. Nc2 Nc6 10. 0-0 Ne5 11. Bf4 Bd6 12. Qe2 h6 13. Bg3 Ng6 14. Bxd6 Qxd6 15. g3 h5 16. Rad1 Qc7 17. Ne3 b6 18. f4 h4 19. e5 Nh5 20. Bxg6 fxg6 21. g4 Ng3 22. hxg3 hxg3 23. Ne4 Rh2 24. Ng2 Ke7 25. Nxg3 Rh3 26. Ne4 Bb7 27. b4 Qc6 28. Nd6 Rah8 29. Nxb7 Qxb7 30. Rd3 Rh1+ 31. Kf2 R8h2 32. Qf3 Qc8 33. Rxh1 Rxh1 34. Qe4 Ra1 35. a3 Ra2+ 36. Kg3 Qe8 37. Qd4 b5 38. cxb5 axb5 1-0

[Event "Asia-chT fin 12th"]
[Site "Shenyang"]
[Date "1999.10.12"]
[Round "4"]
[White "Nazarov, Anvar"]
[Black "Ssegirinya, Joseph Mary M"]
[Result "1-0"]
[WhiteElo "2493"]
[BlackElo "2035"]
[PlyCount "49"]
[EventDate "1999.10.10"]
[EventType "team-tourn"]
[EventRounds "9"]
[EventCountry "CHN"]
[SourceTitle "EXT 2000"]
[Source "ChessBase"]
[SourceDate "1999.11.16"]
[SourceVersion "1"]
[SourceVersionDate "1999.11.16"]
[SourceQuality "1"]
[WhiteTeam "Tajikistan"]
[BlackTeam "Macau"]
[WhiteTeamCountry "TJK"]
[BlackTeamCountry "MAC"]

1. Nf3 Nf6 2. g3 g6 3. Bg2 Bg7 4. 0-0 0-0 5. d3 d5 6. Nbd2 c5 7. e4 e6 8. Qe2 Nc6 9. Re1 Nb4 10. Qd1 dxe4 11. dxe4 Rb8 12. a3 Nc6 13. Qe2 b5 14. Nf1 Nd7 15. Rb1 Ba6 16. Rd1 Qc8 17. b4 cxb4 18. axb4 Bc3 19. Bf4 Rb7 20. Bd6 Rd8 21. e5 Ndxe5 22. Bxe5 Rxd1 23. Rxd1 Bxb4 24. Ba1 Bf8 25. Ne5 1-0

[Event "Asia-chT fin 12th"]
[Site "Shenyang"]
[Date "1999.10.10"]
[Round "1"]
[White "Ssegirinya, Joseph Mary M"]
[Black "Ong, Chong Ghee"]
[Result "0-1"]
[WhiteElo "2035"]
[BlackElo "2347"]
[PlyCount "34"]
[EventDate "1999.10.10"]
[EventType "team-tourn"]
[EventRounds "9"]
[EventCountry "CHN"]
[SourceTitle "EXT 2000"]
[Source "ChessBase"]
[SourceDate "1999.11.16"]
[SourceVersion "1"]
[SourceVersionDate "1999.11.16"]
[SourceQuality "1"]
[WhiteTeam "Macau"]
[BlackTeam "Singapore"]
[WhiteTeamCountry "MAC"]
[BlackTeamCountry "SIN"]

1. e4 g6 2. d4 d6 3. Nc3 Bg7 4. Bc4 Nf6 5. f3 c6 6. a4 0-0 7. Nge2 d5 8. Bb3 dxe4 9. Nxe4 Nxe4 10. fxe4 c5 11. c3 cxd4 12. cxd4 Bg4 13. d5 Qb6 14. a5 Qb4+ 15. Bd2 Qxe4 16. Ra4 Qxg2 17. Rg1 Qxg1+ 0-1